[Event "CFriend AT-2004-0-00056 email"]
[Site "Chessfriend.com"]
[Date "2004.05.25"]
[Round "1"]
[White "Burden, Mark"]
[Black "St Claire, Dwight"]
[Result "0-1"]
[WhiteElo "1770"]
[BlackElo "1943"]
[PlyCount "78"]
[EventDate "2004.??.??"]
[EventType "tourn (corr)"]
[EventRounds "2"]
[SourceTitle "Corr 2024"]
[Source "ChessBase"]
[SourceDate "2023.10.19"]
[SourceVersion "1"]
[SourceVersionDate "2023.10.19"]
[SourceQuality "1"]

1. e4 c6 2. d4 d5 3. exd5 cxd5 4. c4 Nf6 5. Nc3 e6 6. c5 Be7 7. Nf3 b6 8. b4 0-0 9. Bd3 a5 10. Na4 Nbd7 11. a3 axb4 12. axb4 bxc5 13. bxc5 e5 14. Nxe5 Bxc5 15. 0-0 Nxe5 16. dxe5 Ne4 17. Bxe4 dxe4 18. Qxd8 Rxd8 19. Bg5 Rd5 20. Bf4 Bd4 21. Nc3 Rxa1 22. Nxd5 Rxf1+ 23. Kxf1 Kf8 24. Ke2 Ke8 25. f3 exf3+ 26. gxf3 Ba6+ 27. Kd2 Kd7 28. Nb4 Bb7 29. Ke2 Ke6 30. h4 h5 31. Nc2 Bxe5 32. Bxe5 Kxe5 33. Ke3 f6 34. f4+ Kf5 35. Nd4+ Kg4 36. Ne6 g6 37. Nc5 Bc6 38. Ne6 Kxh4 39. Nd4 Ba8 0-1

[Event "CFriend AP-2004-Q-00008 email"]
[Site "Chessfriend.com"]
[Date "2004.03.06"]
[Round "?"]
[White "Burden, Mark"]
[Black "Bryant, Barry"]
[Result "1-0"]
[WhiteElo "1850"]
[BlackElo "1429"]
[PlyCount "27"]
[EventDate "2004.??.??"]
[EventType "tourn (corr)"]
[EventRounds "12"]
[SourceTitle "Corr 2008"]
[Source "ChessBase"]
[SourceDate "2008.06.24"]
[SourceVersion "1"]
[SourceVersionDate "2008.06.24"]
[SourceQuality "1"]

1. e4 e5 2. f4 Bc5 3. Nf3 Nc6 4. Nc3 d6 5. Bb5 exf4 6. d4 a6 7. Bxc6+ bxc6 8. dxc5 Qf6 9. cxd6 cxd6 10. 0-0 Ne7 11. Qe1 0-0 12. e5 dxe5 13. Nxe5 Qg5 14. Bxf4 1-0

[Event "CFriend AP-2004-Q-00008 email"]
[Site "Chessfriend.com"]
[Date "2004.03.06"]
[Round "?"]
[White "Burden, Mark"]
[Black "Fekih, Brahim"]
[Result "0-1"]
[WhiteElo "1850"]
[BlackElo "1983"]
[PlyCount "88"]
[EventDate "2004.??.??"]
[EventType "tourn (corr)"]
[EventRounds "12"]
[SourceTitle "Corr 2008"]
[Source "ChessBase"]
[SourceDate "2008.06.24"]
[SourceVersion "1"]
[SourceVersionDate "2008.06.24"]
[SourceQuality "1"]

1. d4 Nf6 2. Bg5 Ne4 3. Bf4 d5 4. f3 Nf6 5. e3 e6 6. c3 Nh5 7. Be5 f6 8. Bg3 Nxg3 9. hxg3 Bd6 10. Kf2 c5 11. Ne2 Nc6 12. Qc2 cxd4 13. cxd4 Nb4 14. Qb3 Bd7 15. Nbc3 Nd3+ 16. Kg1 Qb6 17. Qxb6 axb6 18. Rb1 b5 19. a3 b4 20. axb4 Nxb4 21. Nf4 Ke7 22. Kf2 g5 23. Nd3 h5 24. Be2 Ra5 25. Nxb4 Bxb4 26. Ra1 b6 27. Rxa5 bxa5 28. f4 Bxc3 29. bxc3 a4 30. Bf3 Rc8 31. fxg5 fxg5 32. Rxh5 a3 33. e4 dxe4 34. Bxe4 Rf8+ 35. Ke3 Rf1 36. Rxg5 a2 37. Ra5 a1Q 38. Rxa1 Rxa1 39. Bd3 Bc6 40. c4 Rg1 41. g4 Rxg2 42. Be2 Kf6 43. Kd3 Kg5 44. Ke3 Rg3+ 0-1

[Event "CFriend AP-2004-Q-00008 email"]
[Site "Chessfriend.com"]
[Date "2004.03.06"]
[Round "?"]
[White "Burden, Mark"]
[Black "Gazizov, Marsel"]
[Result "1-0"]
[WhiteElo "1850"]
[BlackElo "2200"]
[PlyCount "21"]
[EventDate "2004.??.??"]
[EventType "tourn (corr)"]
[EventRounds "12"]
[SourceTitle "Corr 2008"]
[Source "ChessBase"]
[SourceDate "2008.06.24"]
[SourceVersion "1"]
[SourceVersionDate "2008.06.24"]
[SourceQuality "1"]

1. e4 e5 2. f4 Bc5 3. Nc3 d6 4. Nf3 Bg4 5. Be2 Nc6 6. d3 a6 7. f5 h6 8. Nd5 Nf6 9. Ne3 0-0 10. Bd2 d5 11. exd5 1-0

[Event "CFriend AP-2004-Q-00008 email"]
[Site "Chessfriend.com"]
[Date "2004.03.06"]
[Round "1"]
[White "Burden, Mark"]
[Black "Voiculescu, Costy"]
[Result "1/2-1/2"]
[WhiteElo "1770"]
[BlackElo "1563"]
[PlyCount "126"]
[EventDate "2004.??.??"]
[EventType "tourn (corr)"]
[EventRounds "12"]
[SourceTitle "Corr 2024"]
[Source "ChessBase"]
[SourceDate "2023.10.19"]
[SourceVersion "1"]
[SourceVersionDate "2023.10.19"]
[SourceQuality "1"]

1. d4 e6 2. c4 Nf6 3. Bg5 d5 4. e3 Nbd7 5. Nf3 Bb4+ 6. Nc3 c5 7. a3 Bxc3+ 8. bxc3 Qa5 9. Qc2 Ne4 10. cxd5 exd5 11. Bd3 Qxc3+ 12. Qxc3 Nxc3 13. Rc1 Ne4 14. Bf4 0-0 15. 0-0 Re8 16. dxc5 Ndxc5 17. Bxe4 Nxe4 18. Rc7 b6 19. Rd1 Nc5 20. Rxd5 Ne6 21. Rc4 Ba6 22. Rb4 Bb7 23. Rd1 Red8 24. Bd6 Rac8 25. Rbb1 Be4 26. Ra1 f6 27. Be7 Rxd1+ 28. Rxd1 Kf7 29. Bb4 a5 30. Bd6 Bxf3 31. gxf3 Rd8 32. Rd2 Nc5 33. e4 Nb3 34. Rb2 Rxd6 35. Rxb3 a4 36. Rb4 b5 37. Rxb5 Rd3 38. f4 Rxa3 39. Rb7+ Kg6 40. Ra7 Ra2 41. Kg2 h5 42. Kg3 a3 43. f5+ Kh6 44. Ra6 Ra1 45. Kf4 Kh7 46. h4 a2 47. Kf3 Kg8 48. Ke2 Kf8 49. Ra8+ Ke7 50. Ra6 Kd7 51. Kf3 Kc7 52. Ra3 Kb6 53. Ra4 Kb5 54. Ra7 Kb4 55. Rb7+ Kc5 56. Ra7 Kd6 57. Ra6+ Kc5 58. Ra7 Rh1 59. Rxa2 Rxh4 60. Ra1 Kd6 61. Ke3 Ke7 62. f4 Rh3+ 63. Kf2 Rh2+ 1/2-1/2

[Event "CFriend AP-2004-Q-00008 email"]
[Site "Chessfriend.com"]
[Date "2004.03.06"]
[Round "1"]
[White "Cecep Saepudin, Jeff"]
[Black "Burden, Mark"]
[Result "0-1"]
[WhiteElo "1829"]
[BlackElo "1770"]
[PlyCount "60"]
[EventDate "2004.??.??"]
[EventType "tourn (corr)"]
[EventRounds "12"]
[SourceTitle "Corr 2024"]
[Source "ChessBase"]
[SourceDate "2023.10.19"]
[SourceVersion "1"]
[SourceVersionDate "2023.10.19"]
[SourceQuality "1"]

1. d4 d5 2. c4 c6 3. Nf3 Nf6 4. Nc3 Bg4 5. Ne5 e6 6. Nxg4 Nxg4 7. e4 Nf6 8. Qb3 Qd7 9. e5 Ng8 10. Be3 Ne7 11. Bd3 dxc4 12. Qxc4 Nd5 13. 0-0 Nxe3 14. fxe3 Na6 15. a3 b5 16. Qa2 Nc7 17. Rf3 Be7 18. Qb3 Rd8 19. Raf1 0-0 20. Qc2 g6 21. Ne4 Nd5 22. Qf2 Qe8 23. Bc2 a5 24. Bb1 a4 25. Rc1 Nb6 26. Ba2 Nd7 27. Rf1 c5 28. Qe2 c4 29. Qf2 Nb6 30. Bb1 Nd5 0-1